000 01146 a2200217 4500
020 _a0471719773
040 _aDLC
_bDLC
100 1 _aGreenwood, Garrison.
245 1 0 _aIntroduction to evolvable hardware: a practical guide for designing self-adaptive systems
_ba practical guide for designing self-adaptive systems
_cGarrison Greenwood & Andrew M. Tyrrell
246 3 _aIntroduction to evolvable hardware [electronic resource]
260 _aPiscataway, N.J. :
_bWiley-IEEE Computer Society ;
_aChichester :
_bJohn Wiley [distributor],
_c2006.
300 _axv, 192 p. :
_bill. ;
_c24 cm.
538 _aMode of access: World Wide Web.
538 _aSystem requirements : Internet connectivity, World Wide Web browser, Adobe Acrobat reader required to view and print file.
650 0 _aComputer input-output equipment
_xDesign and construction.
650 0 _aEvolutionary programming (Computer science)
700 1 _aTyrrell, Andy M.
710 2 _aWiley InterScience (Online service)
856 4 1 _uhttp://libproxy1.nus.edu.sg/login?url=http://www3.interscience.wiley.com/cgi-bin/homepage/?isbn=9780470049716
942 _cBK
_k621.392 GRE
_2ddc
999 _c8441
_d8441